| 000 | 00630nam a2200217Ia 4500 | ||
|---|---|---|---|
| 005 | 20250508165156.0 | ||
| 008 | 008 250505s9999 xx 000 0 eng d | ||
| 020 | _a81-7092-019-1 | ||
| 037 | _aReference | ||
| 040 |
_aFEDL _beng _cFEDL |
||
| 041 |
_aeng _2eng |
||
| 084 |
_a423.914 3, AWA/RR _qFEDL |
||
| 100 | _aAwasthi Suresh Ed. | ||
| 245 | 0 | _aChambers english-hindi dictionary | |
| 260 |
_aNew Delhi, India _bAllied Publishers Pvt. Ltd. _c2012 |
||
| 300 | _a1623p. | ||
| 365 |
_aINR _b475 |
||
| 700 |
_a Awasthi Induja Ed. _9780070 |
||
| 942 |
_cREF _h423.914 3, AWA/RR |
||
| 999 |
_c1393598 _d1393598 |
||